Dumb it Down Vocabulary #2 - Statistics

General Stats
  • This quiz has been taken 23,293 times
  • The average score is 8 of 21
Answer Stats
Word Synonym % Correct
Perspire Sweat
88%
Sleuth Detective
78%
Arid Dry
78%
Apparition Ghost
67%
Diadem Crown
50%
Myopic Nearsighted
44%
Hirsute Hairy
37%
Egress Exit
35%
Cogitate Think
34%
Repast Meal
30%
Dyspepsia Indigestion
29%
Indolent Lazy
28%
Scuttlebutt Gossip
26%
Corsair Pirate
26%
Cudgel Club
24%
Ameliorate Improve
23%
Pulchritude Beauty
16%
Proscribe Forbid
14%
Credulous Gullible
14%
Gloaming Twilight
14%
Salubrious Healthy
11%
No matching quizzes found
Score Distribution
Percent of People with Each Score
Percentile by Number Answered
Your Score History
You have not taken this quiz